[Event "DEM U10 2017"]
[Site "Willingen GER"]
[Date "2017.06.07"]
[Round "6"]
[White "Bungarten, Jona"]
[Black "Tran Minh, Hieu"]
[Result "1-0"]
[Termination "normal"]
[Board "18"]
[WhiteElo "1726"]
[BlackElo "1315"]
[PlyCount "41"]
[WhiteFideId "16223608"]
[BlackFideId "16244877"]
[EventCountry "GER"]
[EventRounds "11"]
[EventType "swiss"]
[EventDate "2017.06.03"]

1. e4 e5 2. Nf3 Nc6 3. Bc4 Bc5 4. c3 Nf6 5. d4 exd4 6. cxd4 Bb4+ 7. Nc3 Nxe4 8.
O-O Nxc3 9. bxc3 d5 10. Re1+ Be7 11. Bb5 O-O 12. Bf4 Bd6 13. Ne5 Nxe5 14. Bxe5
c6 15. Bd3 Re8 16. Bxd6 Rxe1+ 17. Qxe1 Qxd6 18. Qe8+ Qf8 19. Bxh7+ Kxh7 20.
Qxf8 f6 21. Re1 1-0

[Event "DEM U10 2017"]
[Site "Willingen GER"]
[Date "2017.06.07"]
[Round "6"]
[White "Zweigait, Leon"]
[Black "Greßler, Christian"]
[Result "1-0"]
[Termination "normal"]
[Board "19"]
[WhiteElo "1442"]
[BlackElo "1198"]
[PlyCount "77"]
[WhiteFideId "16201388"]
[BlackFideId "16244907"]
[EventCountry "GER"]
[EventRounds "11"]
[EventType "swiss"]
[EventDate "2017.06.03"]

1. d4 d5 2. c4 c6 3. Nc3 Nf6 4. Bf4 Bf5 5. e3 e6 6. c5 b6 7. b4 Nbd7 8. Qa4
bxc5 9. bxc5 a5 10. Qxc6 Qc8 11. Qa4 Ne4 12. Nb5 Ke7 13. Nf3 f6 14. Be2 g5 15.
Bc7 Nb8 16. Nd6 Nxd6 17. Bxd6+ Kf7 18. Bxb8 Rxb8 19. Qxa5 Be7 20. O-O h5 21.
Qd2 Bg4 22. h3 Bxf3 23. Bxf3 Qc7 24. g3 f5 25. Kg2 h4 26. g4 Rbg8 27. gxf5 g4
28. fxe6+ Kxe6 29. Bxg4+ Rxg4+ 30. hxg4 Rg8 31. Kh3 Rf8 32. f4 Bg5 33. Qd3 Rf6
34. Rab1 Bxf4 35. Rb6+ Ke7 36. Rxf6 Kxf6 37. Rxf4+ Ke7 38. Qh7+ Kd8 39. Rf8#
1-0

[Event "DEM U10 2017"]
[Site "Willingen GER"]
[Date "2017.06.07"]
[Round "6"]
[White "Bolz, Jannis"]
[Black "Zielke, Ansgar"]
[Result "0-1"]
[Termination "normal"]
[Board "20"]
[WhiteElo "1333"]
[BlackElo "1450"]
[PlyCount "40"]
[WhiteFideId "16214897"]
[BlackFideId "16244800"]
[EventCountry "GER"]
[EventRounds "11"]
[EventType "swiss"]
[EventDate "2017.06.03"]

1. e4 c5 2. d4 cxd4 3. c3 d3 4. Bxd3 d6 5. c4 Nc6 6. Nf3 Bg4 7. h3 Bh5 8. Be2
Nf6 9. Nc3 e6 10. O-O Be7 11. Be3 O-O 12. Qd2 Rc8 13. Rfd1 Bxf3 14. Bxf3 Ne5
15. Be2 Nxc4 16. Bxc4 Rxc4 17. b3 Nxe4 18. Nxe4 Rxe4 19. Bf4 e5 20. f3 Rxf4 0-1

[Event "DEM U10 2017"]
[Site "Willingen GER"]
[Date "2017.06.07"]
[Round "6"]
[White "Cromm, Mika"]
[Black "Grabs, Peter"]
[Result "1-0"]
[Termination "normal"]
[Board "21"]
[WhiteElo "1175"]
[BlackElo "1281"]
[PlyCount "153"]
[WhiteFideId "16244915"]
[BlackFideId "16203887"]
[EventCountry "GER"]
[EventRounds "11"]
[EventType "swiss"]
[EventDate "2017.06.03"]

1. d4 d5 2. c4 e6 3. Nc3 Nf6 4. Nf3 Bb4 5. Bf4 Nbd7 6. e3 Ne4 7. Qb3 Bxc3+ 8.
bxc3 c6 9. Bd3 f5 10. Ne5 Qa5 11. Rc1 Nb6 12. f3 Nf6 13. O-O O-O 14. Rfe1 dxc4
15. Nxc4 Nxc4 16. Bxc4 Nd5 17. Bd6 b5 18. Bxd5 cxd5 19. Bxf8 Kxf8 20. Qb4+ Qxb4
21. cxb4 Bd7 22. Kf2 Ke8 23. a3 Kd8 24. h4 a5 25. Ra1 a4 26. g4 fxg4 27. fxg4
Ke7 28. Kf3 Rf8+ 29. Kg3 Re8 30. e4 Bc6 31. exd5 Bxd5 32. Rf1 Rc8 33. Rac1 Bc4
34. Rfe1 Rd8 35. Rcd1 Bb3 36. Rd2 Rc8 37. d5 Rc3+ 38. Kf4 Rc4+ 39. Re4 Rxe4+
40. Kxe4 Bxd5+ 41. Rxd5 exd5+ 42. Kxd5 Kf6 43. Kc5 Ke5 44. Kxb5 Kf4 45. Kxa4
Kxg4 46. b5 Kxh4 47. b6 g5 48. b7 g4 49. b8=Q Kh3 50. Qb3+ Kh2 51. Qc2+ Kh3 52.
Qd3+ g3 53. Qf1+ Kh2 54. Kb3 g2 55. Qf4+ Kh1 56. Qh4+ Kg1 57. Qxh7 Kf1 58. Qg7
g1=Q 59. Qxg1+ Kxg1 60. a4 Kf2 61. a5 Ke3 62. a6 Kd4 63. a7 Kc5 64. a8=Q Kd4
65. Qc8 Ke5 66. Qd8 Ke4 67. Kc3 Ke5 68. Kc4 Ke4 69. Qe8+ Kf4 70. Kd3 Kf5 71.
Kd4 Kf4 72. Qf8+ Kg5 73. Ke4 Kg6 74. Ke5 Kg5 75. Qg8+ Kh4 76. Kf4 Kh3 77. Qg3#
1-0

[Event "DEM U10 2017"]
[Site "Willingen GER"]
[Date "2017.06.07"]
[Round "6"]
[White "Zinnikus, Elias"]
[Black "Willsch, Justin"]
[Result "0-1"]
[Termination "normal"]
[Board "23"]
[WhiteElo "776"]
[BlackElo "1221"]
[PlyCount "78"]
[WhiteFideId "16245024"]
[BlackFideId "16229762"]
[EventCountry "GER"]
[EventRounds "11"]
[EventType "swiss"]
[EventDate "2017.06.03"]

1. Nf3 Nf6 2. d4 g6 3. c4 Bg7 4. Nc3 O-O 5. e4 d6 6. Bg5 h6 7. Be3 a6 8. Be2
Nbd7 9. O-O Re8 10. Qd2 Ng4 11. Bf4 h5 12. h3 Ngf6 13. e5 Nh7 14. Bh6 dxe5 15.
Bxg7 Kxg7 16. dxe5 Nxe5 17. Qxd8 Nxf3+ 18. Bxf3 Rxd8 19. Rfe1 e6 20. Rad1 Rf8
21. Re4 Ng5 22. Re3 Nxf3+ 23. Rxf3 e5 24. Re1 Be6 25. c5 f6 26. Rd3 Rad8 27.
Red1 Rxd3 28. Rxd3 c6 29. Ne2 Bc4 30. Rd7+ Rf7 31. Rxf7+ Kxf7 32. Nc3 Bd5 33.
Kf1 Ke6 34. g4 hxg4 35. hxg4 g5 36. Nxd5 Kxd5 37. b4 Kc4 38. a3 Kb3 39. Ke2
Kxa3 0-1

[Event "DEM U10 2017"]
[Site "Willingen GER"]
[Date "2017.06.07"]
[Round "6"]
[White "Meusel, Johannes"]
[Black "Wessel, Daniel"]
[Result "1/2-1/2"]
[Termination "normal"]
[Board "24"]
[WhiteElo "1212"]
[BlackElo "1098"]
[PlyCount "50"]
[WhiteFideId "16244893"]
[BlackFideId "16244982"]
[EventCountry "GER"]
[EventRounds "11"]
[EventType "swiss"]
[EventDate "2017.06.03"]

1. e4 e5 2. Nf3 Nc6 3. Bc4 Bc5 4. c3 Nf6 5. d4 exd4 6. O-O d6 7. cxd4 Bb6 8.
Re1 O-O 9. Bg5 h6 10. Bh4 Bg4 11. d5 Ne5 12. Be2 Bxf3 13. Bxf3 Nxf3+ 14. Qxf3
Bd4 15. Nc3 Be5 16. Qe3 Qd7 17. h3 Rfe8 18. Qd3 c6 19. Bg3 Bxg3 20. Qxg3 Re7
21. Rad1 Rd8 22. e5 Rxe5 23. Rxe5 dxe5 24. Qxe5 cxd5 25. Nxd5 Nxd5 1/2-1/2

[Event "DEM U10 2017"]
[Site "Willingen GER"]
[Date "2017.06.07"]
[Round "6"]
[White "May, Alexander"]
[Black "Bock, Marlon"]
[Result "1/2-1/2"]
[Termination "normal"]
[Board "26"]
[WhiteElo "1112"]
[BlackElo "1148"]
[PlyCount "101"]
[WhiteFideId "16244974"]
[BlackFideId "16244931"]
[EventCountry "GER"]
[EventRounds "11"]
[EventType "swiss"]
[EventDate "2017.06.03"]

1. d4 d5 2. c4 e6 3. Nc3 c6 4. Nf3 f5 5. Bg5 Nf6 6. e3 h6 7. Bh4 Bd6 8. c5 Bc7
9. Be2 Qd7 10. Ne5 Qd8 11. Bh5+ Kf8 12. Ng6+ Kg8 13. Nxh8 Kxh8 14. O-O Bd7 15.
Bg3 Bxg3 16. fxg3 Be8 17. Bxe8 Qxe8 18. Qb3 Qc8 19. Qa3 Nbd7 20. Ne2 Qe8 21. b4
Qh5 22. Nf4 Qf7 23. Qd3 Ne4 24. Rae1 Ndf6 25. a3 Ng4 26. Rc1 g5 27. Ne2 h5 28.
Nc3 Qh7 29. h3 Ngf6 30. Nxe4 Nxe4 31. Kh2 h4 32. gxh4 Qxh4 33. Qd1 Qg3+ 34. Kg1
Qxe3+ 35. Kh2 Qg3+ 36. Kg1 g4 37. hxg4 fxg4 38. Rf7 Qe3+ 39. Kh2 g3+ 40. Kh1
Nf2+ 41. Rxf2 gxf2 42. Qh5+ Kg7 43. Qg4+ Kf6 44. Qh4+ Kf5 45. Qh5+ Ke4 46. Qg4+
Kd3 47. Qd1+ Ke4 48. Qg4+ Kd3 49. Qd1+ Ke4 50. Qg4+ Kd3 51. Qd1+ 1/2-1/2

[Event "DEM U10 2017"]
[Site "Willingen GER"]
[Date "2017.06.07"]
[Round "6"]
[White "Brandstrup, Luca Alexander"]
[Black "Prizker, Maximilian"]
[Result "1-0"]
[Termination "normal"]
[Board "27"]
[WhiteElo "1083"]
[BlackElo "1016"]
[PlyCount "69"]
[WhiteFideId "16244990"]
[BlackFideId "16225686"]
[EventCountry "GER"]
[EventRounds "11"]
[EventType "swiss"]
[EventDate "2017.06.03"]

1. e4 c5 2. Nf3 d6 3. d4 cxd4 4. Nxd4 Nf6 5. Nc3 e6 6. Be2 Be7 7. O-O O-O 8. f4
Nbd7 9. Be3 a6 10. a4 b6 11. Nc6 Qe8 12. Bf3 Bb7 13. Nxe7+ Qxe7 14. e5 Bxf3 15.
exf6 Bxd1 16. fxe7 Rfe8 17. Rfxd1 Nf6 18. Bxb6 Rxe7 19. Rxd6 Ree8 20. Rad1 h6
21. Rd8 Raxd8 22. Rxd8 Rxd8 23. Bxd8 Ng4 24. Bb6 Kf8 25. h3 Nf6 26. Bd8 Nd7 27.
Kf2 Ke8 28. Ba5 Ke7 29. Ne4 f5 30. Bb4+ Kf7 31. Nc5 Nf6 32. Nxa6 Nd5 33. g3 Kg6
34. c4 Nb6 35. b3 1-0

[Event "DEM U10 2017"]
[Site "Willingen GER"]
[Date "2017.06.07"]
[Round "6"]
[White "Krüger, Arthur"]
[Black "Fröhlich, Niklas"]
[Result "1-0"]
[Termination "normal"]
[Board "28"]
[WhiteElo "1116"]
[BlackElo "1023"]
[PlyCount "49"]
[WhiteFideId "16244966"]
[BlackFideId "16245016"]
[EventCountry "GER"]
[EventRounds "11"]
[EventType "swiss"]
[EventDate "2017.06.03"]

1. e4 c5 2. Nf3 d6 3. d4 cxd4 4. Nxd4 Nf6 5. Nc3 a6 6. f3 e6 7. Be3 Be7 8. Qd2
Qc7 9. O-O-O b5 10. Bxb5+ axb5 11. Ndxb5 Qd7 12. e5 dxe5 13. Qxd7+ Bxd7 14.
Nc7+ Kf8 15. Nxa8 Bc6 16. Nb6 h5 17. Rhg1 h4 18. h3 Kg8 19. Nc4 Bb7 20. Nxe5
Ba6 21. Ba7 Kh7 22. Nxf7 Rf8 23. Ng5+ Kg8 24. Nxe6 Rc8 25. Rge1 1-0

[Event "DEM U10 2017"]
[Site "Willingen GER"]
[Date "2017.06.07"]
[Round "6"]
[White "Hubert, Nikita"]
[Black "Friedhoff, Mirco"]
[Result "0-1"]
[Termination "normal"]
[Board "29"]
[WhiteElo "957"]
[BlackElo "1095"]
[PlyCount "38"]
[WhiteFideId "16235754"]
[BlackFideId "16243447"]
[EventCountry "GER"]
[EventRounds "11"]
[EventType "swiss"]
[EventDate "2017.06.03"]

1. e4 e5 2. f4 d5 3. exd5 exf4 4. Nc3 Qh4+ 5. Ke2 Bg4+ 6. Nf3 Bc5 7. d4 Qe7+ 8.
Kf2 Bd6 9. Bd3 Bxf3 10. Kxf3 Qg5 11. Nb5 Qxd5+ 12. Be4 Qxb5 13. Kf2 Nf6 14. a4
Nxe4+ 15. Ke1 Qf5 16. Qe2 O-O 17. g4 Qe6 18. c4 Re8 19. Qf3 Ng5+ 0-1

[Event "DEM U10 2017"]
[Site "Willingen GER"]
[Date "2017.06.10"]
[Round "11"]
[White "Rempe, Jonas"]
[Black "Morczynski, Joachim"]
[Result "0-1"]
[Termination "normal"]
[Board "1"]
[WhiteElo "1733"]
[BlackElo "1645"]
[WhiteClock "00:45:09"]
[BlackClock "00:51:42"]
[PlyCount "56"]
[WhiteFideId "16202406"]
[BlackFideId "16209745"]
[EventCountry "GER"]
[EventRounds "11"]
[EventType "swiss"]
[EventDate "2017.06.03"]

1. e4 d6 2. d4 Nf6 3. Nc3 g6 4. Bf4 Bg7 5. Qd2 c6 6. O-O-O Nbd7 7. Bh6 O-O 8.
Bxg7 Kxg7 9. f3 b5 10. g4 b4 11. Na4 Qa5 12. b3 Nb6 13. h4 Be6 14. d5 cxd5 15.
h5 Rh8 16. hxg6 hxg6 17. Rxh8 Rxh8 18. g5 Nh5 19. Qd4+ Kh7 20. Nxb6 axb6 21.
exd5 Bf5 22. Qb2 Nf4 23. Rd4 Nh5 24. Bd3 Bxd3 25. Rxd3 Rc8 26. Qd4 Qxa2 27. Qb2
Qa6 28. Ne2 Qxd3 0-1

[Event "DEM U10 2017"]
[Site "Willingen GER"]
[Date "2017.06.10"]
[Round "11"]
[White "Böhm, Karl"]
[Black "Costa, Leonardo"]
[Result "0-1"]
[Termination "normal"]
[Board "2"]
[WhiteElo "1516"]
[BlackElo "1704"]
[WhiteClock "00:56:59"]
[BlackClock "01:06:07"]
[PlyCount "78"]
[WhiteFideId "16209800"]
[BlackFideId "16213955"]
[EventCountry "GER"]
[EventRounds "11"]
[EventType "swiss"]
[EventDate "2017.06.03"]

1. e4 {[%clk 1:16:00]} 1... e5 {[%clk 1:15:52]} 2. Nf3 {[%clk 1:16:26]} 2...
Nc6 {[%clk 1:16:14]} 3. d4 {[%clk 1:16:52]} 3... exd4 {[%clk 1:16:39]} 4. Nxd4
{[%clk 1:17:18]} 4... Bc5 {[%clk 1:17:00]} 5. Be3 {[%clk 1:17:44]} 5... Qf6 {
[%clk 1:17:13]} 6. c3 {[%clk 1:18:08]} 6... Nge7 {[%clk 1:17:01]} 7. Bc4 {
[%clk 1:17:57]} 7... d6 {[%clk 1:15:58]} 8. O-O {[%clk 1:17:56]} 8... Ng6 {
[%clk 1:14:47]} 9. Nxc6 {[%clk 1:17:39]} 9... bxc6 {[%clk 1:14:28]} 10. Bxc5 {
[%clk 1:18:03]} 10... dxc5 {[%clk 1:14:55]} 11. Nd2 {[%clk 1:14:37]} 11... O-O
{[%clk 1:13:55]} 12. Qc2 {[%clk 1:06:02]} 12... Nf4 {[%clk 1:11:33]} 13. Nb3 {
[%clk 1:03:37]} 13... Bh3 {[%clk 1:10:12]} 14. Qd2 {[%clk 0:57:25]} 14... Bxg2
{[%clk 1:08:25]} 15. Rfe1 {[%clk 0:57:37]} 15... Qg5 {[%clk 1:08:23]} 16. Re3 {
[%clk 0:56:20]} 16... Nh3+ {[%clk 1:08:36]} 17. Rxh3 {[%clk 0:56:46]} 17...
Qxd2 18. Nxd2 {[%clk 0:57:07]} 18... Bxh3 {[%clk 1:09:21]} 19. Nb3 { [%clk
0:57:28]} 19... Rfd8 {[%clk 1:08:43]} 20. Nxc5 {[%clk 0:57:11]} 20... Rd2
{[%clk 1:09:07]} 21. Bf1 {[%clk 0:56:55]} 21... Bxf1 {[%clk 1:06:37]} 22. Kxf1
{[%clk 0:57:09]} 22... Rxb2 {[%clk 1:05:55]} 23. Na6 {[%clk 0:57:17]} 23... Rd8
{[%clk 1:05:57]} 24. Nb4 {[%clk 0:56:50]} 24... Rdd2 {[%clk 1:05:51]} 25. Nxc6
{[%clk 0:57:05]} 25... Rxf2+ {[%clk 1:06:06]} 26. Kg1 {[%clk 0:57:22]} 26...
Rg2+ {[%clk 1:05:48]} 27. Kf1 {[%clk 0:57:41]} 27... Rxh2 {[%clk 1:06:13]} 28.
Kg1 {[%clk 0:57:49]} 28... Rxa2 {[%clk 1:03:43]} 29. Rb1 {[%clk 0:57:53]} 29...
g6 {[%clk 1:04:06]} 30. Rd1 {[%clk 0:56:29]} 30... Rhb2 {[%clk 1:04:17]} 31.
Re1 {[%clk 0:56:33]} 31... a5 {[%clk 1:04:11]} 32. c4 {[%clk 0:56:35]} 32... a4
{[%clk 1:04:19]} 33. Rd1 {[%clk 0:56:34]} 33... a3 {[%clk 1:04:39]} 34. Na5 {
[%clk 0:56:27]} 34... Rg2+ {[%clk 1:04:54]} 35. Kh1 {[%clk 0:56:44]} 35... Rab2
{[%clk 1:05:13]} 36. Nb3 {[%clk 0:56:27]} 36... Rgc2 {[%clk 1:05:12]} 37. Na1 {
[%clk 0:56:43]} 37... Rd2 {[%clk 1:05:20]} 38. Re1 {[%clk 0:56:59]} 38... a2 {
[%clk 1:05:46]} 39. Rc1 39... Rb1 {[%clk 1:06:07]} 0-1

[Event "DEM U10 2017"]
[Site "Willingen GER"]
[Date "2017.06.10"]
[Round "11"]
[White "Hagner, Bennet"]
[Black "Nitsche, Nikolai"]
[Result "1/2-1/2"]
[Termination "normal"]
[Board "3"]
[WhiteElo "1683"]
[BlackElo "1465"]
[WhiteClock "00:08:14"]
[BlackClock "00:06:39"]
[PlyCount "82"]
[WhiteFideId "16224477"]
[BlackFideId "16221036"]
[EventCountry "GER"]
[EventRounds "11"]
[EventType "swiss"]
[EventDate "2017.06.03"]

1. d4 {[%clk 1:15:57]} 1... d5 {[%clk 1:15:53]} 2. c4 {[%clk 1:15:03]} 2... e6
{[%clk 1:15:43]} 3. Nc3 {[%clk 1:15:24]} 3... c6 {[%clk 1:15:46]} 4. Nf3 {
[%clk 1:15:16]} 4... Nf6 {[%clk 1:16:01]} 5. Bg5 {[%clk 1:15:15]} 5... Be7 {
[%clk 1:09:59]} 6. e3 {[%clk 1:14:39]} 6... O-O {[%clk 1:09:06]} 7. Bd3 { [%clk
1:14:31]} 7... dxc4 8. Bxc4 {[%clk 1:14:50]} 8... b5 {[%clk 1:09:20]} 9. Bb3
{[%clk 1:14:50]} 9... Bb7 {[%clk 1:09:20]} 10. Bc2 {[%clk 1:09:25]} 10... Nbd7
{[%clk 1:07:28]} 11. Qd3 {[%clk 1:08:34]} 11... a6 {[%clk 1:07:05]} 12. a3
{[%clk 1:07:33]} 12... c5 {[%clk 1:06:17]} 13. Nd2 {[%clk 1:05:55]} 13... cxd4
{[%clk 1:05:31]} 14. exd4 {[%clk 1:05:51]} 14... e5 {[%clk 1:00:28]} 15. Nde4 {
[%clk 1:00:43]} 15... Nxe4 {[%clk 0:59:55]} 16. Nxe4 {[%clk 1:00:57]} 16...
Bxe4 {[%clk 0:58:30]} 17. Qxe4 {[%clk 1:01:12]} 17... f5 {[%clk 0:58:23]} 18.
Qd5+ {[%clk 0:59:16]} 18... Kh8 {[%clk 0:58:30]} 19. Bxe7 {[%clk 0:59:21]}
19... Qxe7 {[%clk 0:58:53]} 20. O-O {[%clk 0:53:33]} 20... e4 {[%clk 0:57:31]}
21. Rae1 {[%clk 0:49:54]} 21... Rac8 {[%clk 0:54:52]} 22. Re2 {[%clk 0:48:21]}
22... Nb6 {[%clk 0:54:51]} 23. Qb3 {[%clk 0:43:41]} 23... Qc7 {[%clk 0:52:34]}
24. f3 {[%clk 0:38:23]} 24... exf3 {[%clk 0:51:00]} 25. Rxf3 {[%clk 0:37:36]}
25... Qd6 {[%clk 0:49:33]} 26. Qd3 {[%clk 0:33:01]} 26... Rcd8 {[%clk 0:47:33]}
27. Rxf5 {[%clk 0:32:39]} 27... Rxf5 {[%clk 0:46:51]} 28. Qxf5 {[%clk 0:32:57]}
28... Qxd4+ {[%clk 0:47:13]} 29. Rf2 {[%clk 0:32:59]} 29... g6 {[%clk 0:45:01]}
30. Qg5 {[%clk 0:30:53]} 30... Rf8 {[%clk 0:44:44]} 31. Qg3 {[%clk 0:30:48]}
31... Qxf2+ {[%clk 0:43:48]} 32. Qxf2 {[%clk 0:31:08]} 32... Rxf2 { [%clk
0:44:14]} 33. Kxf2 {[%clk 0:31:30]} 33... Kg7 {[%clk 0:41:58]} 34. Bd3 { [%clk
0:26:52]} 34... Kf6 {[%clk 0:41:46]} 35. h4 {[%clk 0:22:06]} 35... h6 { [%clk
0:41:01]} 36. b3 {[%clk 0:19:08]} 36... g5 {[%clk 0:40:28]} 37. hxg5+ { [%clk
0:19:08]} 37... hxg5 {[%clk 0:40:33]} 38. Be4 {[%clk 0:18:48]} 38... Ke5 {[%clk
0:40:33]} 39. Ke3 {[%clk 0:18:59]} 39... Nd5+ {[%clk 0:35:30]} 40. Bxd5 {[%clk
0:18:28]} 40... Kxd5 {[%clk 0:35:48]} 41. g4 {[%clk 0:08:14]} 41... a5 { [%clk
0:35:44]  Ke4+  [%clk 0:06:39]} 1/2-1/2

[Event "DEM U10 2017"]
[Site "Willingen GER"]
[Date "2017.06.10"]
[Round "11"]
[White "Metzdorf, Matteo"]
[Black "Bungarten, Jona"]
[Result "1-0"]
[Termination "normal"]
[Board "5"]
[WhiteElo "1466"]
[BlackElo "1726"]
[WhiteClock "00:48:35"]
[BlackClock "00:48:37"]
[PlyCount "31"]
[WhiteFideId "16209869"]
[BlackFideId "16223608"]
[EventCountry "GER"]
[EventRounds "11"]
[EventType "swiss"]
[EventDate "2017.06.03"]

1. e4 {[%clk 1:15:57]} 1... e5 {[%clk 1:15:40]} 2. Nf3 {[%clk 1:16:18]} 2...
Nc6 {[%clk 1:16:04]} 3. Bb5 {[%clk 1:16:43]} 3... Nge7 {[%clk 1:16:05]} 4. Nc3
{[%clk 1:16:33]} 4... g6 {[%clk 1:15:42]} 5. d4 {[%clk 1:16:36]} 5... exd4 {
[%clk 1:16:00]} 6. Nd5 {[%clk 1:16:35]} 6... Bg7 {[%clk 1:15:56]} 7. Bg5 {
[%clk 1:16:49]} 7... h6 {[%clk 1:16:02]} 8. Bf6 {[%clk 1:16:53]} 8... Bxf6 {
[%clk 1:16:00]} 9. Nxf6+ {[%clk 1:17:16]} 9... Kf8 {[%clk 1:16:26]} 10. Qd2 {
[%clk 1:17:15]} 10... d5 {[%clk 1:10:18]} 11. Bxc6 {[%clk 1:07:51]} 11... bxc6
{[%clk 1:10:30]} 12. Qxd4 {[%clk 1:07:36]} 12... Bb7 {[%clk 1:05:14]} 13. O-O-O
{[%clk 0:56:09]} 13... Qd6 {[%clk 1:02:05]} 14. Ne5 {[%clk 0:50:46]} 14... Kg7
{[%clk 0:56:05]} 15. Ned7 {[%clk 0:48:31]} 15... c5 {[%clk 0:48:37]} 16. Nh5+ {
[%clk 0:48:35]} 1-0

[Event "DEM U10 2017"]
[Site "Willingen GER"]
[Date "2017.06.10"]
[Round "11"]
[White "Bakiev, Diyor"]
[Black "Deuer, Marius"]
[Result "0-1"]
[Termination "normal"]
[Board "6"]
[WhiteElo "1111"]
[BlackElo "1698"]
[WhiteClock "00:28:56"]
[BlackClock "00:27:38"]
[PlyCount "70"]
[WhiteFideId "16241584"]
[BlackFideId "16236432"]
[EventCountry "GER"]
[EventRounds "11"]
[EventType "swiss"]
[EventDate "2017.06.03"]

1. e4 {[%clk 1:15:57]} 1... c5 {[%clk 1:15:56]} 2. Nf3 {[%clk 1:16:19]} 2...
Nc6 {[%clk 1:16:20]} 3. Bb5 {[%clk 1:16:44]} 3... g6 4. O-O {[%clk 1:16:56]}
4... Bg7 {[%clk 1:16:15]} 5. c3 {[%clk 1:17:04]} 5... d6 {[%clk 1:10:54]} 6.
Re1 {[%clk 1:15:44]} 6... Bd7 {[%clk 1:06:59]} 7. d4 7... cxd4 {[%clk 1:06:00]}
8. cxd4 {[%clk 1:14:50]} 8... Qb6 {[%clk 0:58:22]} 9. Bxc6 {[%clk 1:08:36]}
9... Bxc6 {[%clk 0:50:39]} 10. Nc3 {[%clk 1:08:08]} 10... Nh6 {[%clk 0:47:30]}
11. Rb1 {[%clk 1:04:13]} 11... O-O {[%clk 0:46:17]} 12. Be3 {[%clk 1:03:13]}
12... Ng4 {[%clk 0:45:22]} 13. Bg5 {[%clk 1:01:37]} 13... e5 {[%clk 0:40:23]}
14. Be7 {[%clk 0:45:08]} 14... Rfe8 {[%clk 0:36:06]} 15. Bxd6 {[%clk 0:42:11]}
15... exd4 {[%clk 0:34:21]} 16. Nd5 {[%clk 0:37:07]} 16... Bxd5 {[%clk 0:29:10]
} 17. exd5 {[%clk 0:37:03]} 17... Qxd6 {[%clk 0:29:14]} 18. Rxe8+ { [%clk
0:35:55]} 18... Rxe8 {[%clk 0:29:34]} 19. h3 {[%clk 0:34:43]} 19... Ne5 { [%clk
0:29:04]} 20. Qa4 {[%clk 0:33:28]} 20... Nxf3+ {[%clk 0:28:03]} 21. gxf3 {[%clk
0:33:46]} 21... Re2 {[%clk 0:27:55]} 22. Qxa7 {[%clk 0:32:53]} 22... Qxd5
{[%clk 0:27:47]} 23. Rd1 {[%clk 0:30:57]} 23... Qxf3 {[%clk 0:26:43]} 24. Qb8+
{[%clk 0:30:23]} 24... Bf8 {[%clk 0:26:45]} 25. Qh2 {[%clk 0:30:07]} 25... Rxf2
{[%clk 0:26:20]} 26. Qxf2 {[%clk 0:29:40]} 26... Qxd1+ {[%clk 0:26:45]} 27. Kg2
{[%clk 0:29:43]} 27... d3 {[%clk 0:27:02]} 28. Qf1 {[%clk 0:29:20]} 28... Qc2+
{[%clk 0:26:46]} 29. Kg3 {[%clk 0:28:38]} 29... d2 30. Qf3 30... Bd6+ {[%clk
0:25:47]} 31. Kh4 {[%clk 0:28:41]} 31... d1=Q {[%clk 0:26:04]} 32. Qxb7 {[%clk
0:28:52]} 32... Qf2+ {[%clk 0:26:17]} 33. Kg5 {[%clk 0:29:09]} 33... f6+ {[%clk
0:26:41]} 34. Kh6 {[%clk 0:29:15]} 34... Bf8+ {[%clk 0:27:10]} 35. Qg7+ {[%clk
0:28:56]} 35... Bxg7# {[%clk 0:27:38]} 0-1

[Event "DEM U10 2017"]
[Site "Willingen GER"]
[Date "2017.06.10"]
[Round "11"]
[White "Hecht, Jonas Christian"]
[Black "Reichmann, Felix"]
[Result "1/2-1/2"]
[Termination "normal"]
[Board "7"]
[WhiteElo "1465"]
[BlackElo "1550"]
[WhiteClock "00:42:00"]
[BlackClock "00:41:38"]
[PlyCount "42"]
[WhiteFideId "16214846"]
[BlackFideId "16238290"]
[EventCountry "GER"]
[EventRounds "11"]
[EventType "swiss"]
[EventDate "2017.06.03"]

1. d4 {[%clk 1:15:51]} 1... c5 {[%clk 1:15:54]} 2. e3 {[%clk 1:16:15]} 2... Nf6
{[%clk 1:15:24]} 3. Nf3 {[%clk 1:16:26]} 3... b6 {[%clk 1:15:49]} 4. b3 { [%clk
1:16:45]} 4... Bb7 {[%clk 1:15:29]} 5. Bb2 {[%clk 1:16:27]} 5... e6 { [%clk
1:15:02]} 6. Nbd2 {[%clk 1:16:17]} 6... g6 {[%clk 1:14:49]} 7. Be2 { [%clk
1:16:13]} 7... Bg7 {[%clk 1:15:02]} 8. O-O {[%clk 1:15:43]} 8... O-O { [%clk
1:15:18]} 9. c4 {[%clk 1:14:52]} 9... d5 {[%clk 1:13:17]} 10. Rc1 { [%clk
1:11:18]} 10... Nbd7 {[%clk 1:12:51]} 11. Rc2 {[%clk 1:05:17]} 11... Rc8 {[%clk
1:10:36]} 12. Qc1 {[%clk 1:04:31]} 12... Rc7 {[%clk 1:06:54]} 13. Re1 { [%clk
1:01:54]} 13... Qc8 {[%clk 1:01:39]} 14. Ba3 {[%clk 0:59:57]} 14... Rd8 { [%clk
0:52:55]} 15. cxd5 {[%clk 0:58:05]} 15... Bxd5 {[%clk 0:51:57]} 16. b4 { [%clk
0:57:45]} 16... Bxa2 {[%clk 0:48:26]} 17. bxc5 {[%clk 0:56:44]} 17... Bd5
{[%clk 0:47:25]} 18. Bd3 {[%clk 0:54:00]} 18... bxc5 {[%clk 0:46:51]} 19. dxc5
{[%clk 0:54:02]} 19... Bxf3 {[%clk 0:46:11]} 20. Nxf3 {[%clk 0:53:29]} 20...
Bf8 {[%clk 0:42:28]} 21. Qa1 {[%clk 0:42:00]} 21... Bg7 {[%clk 0:41:38]}
1/2-1/2

[Event "DEM U10 2017"]
[Site "Willingen GER"]
[Date "2017.06.10"]
[Round "11"]
[White "von Mettenheim, Johannes"]
[Black "Fuchs, Thomas"]
[Result "1-0"]
[Termination "normal"]
[Board "9"]
[WhiteElo "1407"]
[BlackElo "1366"]
[WhiteClock "00:58:44"]
[BlackClock "01:07:31"]
[PlyCount "71"]
[WhiteFideId "16244818"]
[BlackFideId "16230574"]
[EventCountry "GER"]
[EventRounds "11"]
[EventType "swiss"]
[EventDate "2017.06.03"]

1. d4 Nf6 2. c4 c5 3. d5 b5 4. cxb5 a6 5. Nc3 axb5 6. Nxb5 Ba6 7. Nc3 g6 8. g3
Bg7 9. Bg2 d6 10. Nf3 O-O 11. O-O Nbd7 12. Re1 Qb6 13. e4 Ng4 14. h3 Nge5 15.
Nxe5 Bxe5 16. Bh6 Rfb8 17. Rb1 c4 18. Be3 Qa5 19. Qc2 Nc5 20. Bxc5 Qxc5 21. Kh2
Bc8 22. f4 Bxc3 23. bxc3 f5 24. e5 Rxb1 25. Rxb1 dxe5 26. fxe5 Qe3 27. d6 Ra3
28. Rb8 Rxc3 29. Rxc8+ Kf7 30. Bd5+ e6 31. Rc7+ Kf8 32. Qg2 exd5 33. Rc8+ Kg7
34. d7 Qd3 35. d8=Q Rc2 36. Qf8# 1-0